| Tag |
First Indicator |
Second Indicator |
Subfields |
| LEADER |
00000cam a2200000 a 4500 |
| 001 |
in00002351321 |
| 005 |
20151108075858.0 |
| 008 |
070208s2008 maua b 001 0 eng |
| 010 |
|
|
|a 2007005537
|
| 020 |
|
|
|a 9780262050883 (hardcover : alk. paper)
|
| 020 |
|
|
|a 0262050889 (hardcover : alk. paper)
|
| 035 |
|
|
|a (OCoLC)ocm83609632
|
| 035 |
|
|
|a (OCoLC)83609632
|
| 040 |
|
|
|a DLC
|c DLC
|d BAKER
|d BTCTA
|d C#P
|d YDXCP
|d UtOrBLW
|
| 049 |
|
|
|a TXAM
|
| 050 |
0 |
0 |
|a QA76.9.H85
|b H4125 2008
|
| 082 |
0 |
0 |
|a 004/.019
|2 22
|
| 245 |
0 |
0 |
|a HCI remixed :
|b essays on works that have influenced the HCI community /
|c edited by Thomas Erickson and David W. McDonald.
|
| 264 |
|
1 |
|a Cambridge, Mass. :
|b MIT Press,
|c [2008]
|
| 264 |
|
4 |
|c ©2008
|
| 300 |
|
|
|a xv, 337 pages :
|b illustrations ;
|c 24 cm.
|
| 336 |
|
|
|a text
|b txt
|2 rdacontent
|
| 337 |
|
|
|a unmediated
|b n
|2 rdamedia
|
| 338 |
|
|
|a volume
|b nc
|2 rdacarrier
|
| 504 |
|
|
|a Includes bibliographical references (pages [309]-329) and index.
|
| 650 |
|
0 |
|a Human-computer interaction.
|
| 700 |
1 |
|
|a Erickson, Thomas,
|d 1956-
|
| 700 |
1 |
|
|a McDonald, David W.
|
| 856 |
4 |
1 |
|3 Table of contents only
|u http://www.loc.gov/catdir/toc/ecip0710/2007005537.html
|t 0
|
| 938 |
|
|
|a Baker & Taylor
|b BKTY
|c 40.00
|d 40.00
|i 0262050889
|n 0007198241
|s active
|
| 938 |
|
|
|a Baker and Taylor
|b BTCP
|n BK0007198241
|
| 938 |
|
|
|a YBP Library Services
|b YANK
|n 2537099
|
| 945 |
|
|
|a PromptCat
|b 332514
|
| 946 |
|
|
|a stk
|
| 947 |
|
|
|a A14836574830
|
| 994 |
|
|
|a 92
|b TXA
|
| 948 |
|
|
|a cataloged
|b h
|c 2008/2/14
|d c
|e asalazar
|f 2:28:30 pm
|
| 999 |
|
|
|a MARS
|
| 999 |
f |
f |
|s f3466d06-b755-391c-95be-1dd1bd778e37
|i ca2d331d-177b-3608-82ba-749c5c4efb0e
|t 0
|
| 952 |
f |
f |
|p normal
|a Texas A&M University
|b College Station
|c Sterling C. Evans Library
|d Evans: Library Stacks
|t 0
|e QA76.9.H85 H4125 2008
|h Library of Congress classification
|i unmediated -- volume
|m A14836574830
|
| 998 |
f |
f |
|a QA76.9.H85 H4125 2008
|t 0
|l Evans: Library Stacks
|